Central Library OPAC University of Rajshahi

মোগল মহলে / (Record no. 52441)

MARC details
000 -LEADER
fixed length control field 00800nam a2200229 a 4500
001 - CONTROL NUMBER
control field 52441
003 - CONTROL NUMBER IDENTIFIER
rucl marc code BD-RjUL
005 - DATE AND TIME OF LATEST TRANSACTION
control field 20211209075815.0
008 - FIXED-LENGTH DATA ELEMENTS--GENERAL INFORMATION
fixed length control field 160920s1987 bg ||||| |||| 00| 0 ben d
020 ## - INTERNATIONAL STANDARD BOOK NUMBER
Terms of availability : Tk. 10.00
035 ## - SYSTEM CONTROL NUMBER
System control number (BD-RjUL)52561
040 ## - CATALOGING SOURCE
Original cataloging agency BD-RjUL
Language of cataloging ben
Transcribing agency BD-RjUL
041 ## - LANGUAGE CODE
Language code of text/sound track or separate title ben
082 ## - DEWEY DECIMAL CLASSIFICATION NUMBER
Edition number 23
Classification number 891.444
Author mark and year KAM 1987
100 1# - MAIN ENTRY--PERSONAL NAME
Personal name কালাম, শাহনাজ
9 (RLIN) 156877
245 10 - TITLE STATEMENT
Title মোগল মহলে /
Statement of responsibility, etc. শাহনাজ কালাম
260 ## - PUBLICATION, DISTRIBUTION, ETC. (IMPRINT)
Place of publication, distribution, etc. বাংলাদেশ :
Name of publisher, distributor, etc. ইসলামিক ফাউন্ডেশন,
Date of publication, distribution, etc. ১৯৮৭
300 ## - PHYSICAL DESCRIPTION
Pagination ৭২ পৃ. ;
Size ২১ সেমি.
650 ## - SUBJECT ADDED ENTRY--TOPICAL TERM
Topical term or geographic name as entry element বাংলা সাহিত্য
Form subdivision প্রবন্ধ
9 (RLIN) 156878
Topical term or geographic name as entry element Bengali literature
Form subdivision Essay
9 (RLIN) 135031
942 ## - ADDED ENTRY ELEMENTS (KOHA)
Source of classification or shelving scheme Dewey Decimal Classification
Koha item type Books
Holdings
Lost status Source of classification or shelving scheme Damaged status Not for loan Collection code Permanent Location Current Location Shelving location Date acquired Source of acquisition Cost, normal purchase price Total Checkouts Full call number Date last seen Copy number Koha item type
  Dewey Decimal Classification     Non-fiction Central Library, University of Rajshahi Central Library, University of Rajshahi   11/01/2012 Islamic Foundetion, Dhaka 10.00   B 891.444 KAM 1987 20/09/2016 C-2 Books